नाते निसर्गाशी-माती जगली तर आपण जगू. (Record no. 783930)

MARC details
000 -LEADER
fixed length control field 00892nam a2200181Ia 4500
008 - FIXED-LENGTH DATA ELEMENTS--GENERAL INFORMATION
fixed length control field 100921s9999 xx 000 0 und d
082 ## - DEWEY DECIMAL CLASSIFICATION NUMBER
Item number 34817
Classification number 550 न 01
100 ## - MAIN ENTRY--PERSONAL NAME
Personal name क्षीरसागर क.कृ.
245 ## - TITLE STATEMENT
Title नाते निसर्गाशी-माती जगली तर आपण जगू.
260 ## - PUBLICATION, DISTRIBUTION, ETC. (IMPRINT)
Name of publisher, distributor, etc अनिकेत प्रकाशन, पुणे.
Date of publication, distribution, etc 2001
300 ## - PHYSICAL DESCRIPTION
Extent 15
Other physical details मयुरेष बुक एजन्सी,कराड
365 ## - TRADE PRICE
Price amount 12
520 ## - SUMMARY, ETC.
Summary, etc विज्ञान-भौमिक शास्त्रे.
630 ## - SUBJECT ADDED ENTRY--UNIFORM TITLE
Uniform title नाते निसर्गाशी-माती जगली तर आपण जगू.
650 ## - SUBJECT ADDED ENTRY--TOPICAL TERM
Topical term or geographic name as entry element विज्ञान-भौमिक शास्त्रे.
730 ## - ADDED ENTRY--UNIFORM TITLE
Uniform title नाते निसर्गाशी-माती जगली तर आपण जगू.
942 ## - ADDED ENTRY ELEMENTS (KOHA)
Koha item type Book
Holdings
Withdrawn status Lost status Damaged status Not for loan Home library Current library Shelving location Date acquired Cost, normal purchase price Total Checkouts Barcode Date last seen Price effective from Koha item type Public note
        Lo. Tilak Granthasangrahalaya, Wai Lo. Tilak Granthasangrahalaya, Wai     12.00   WAITILAKGS-34817 09/21/2010 09/21/2010 Book देवघेव